01234nam a22001937a 4500003000900000008004100009040007100050082002200121245013200143260004100275300004500316440004900361505052000410650002100930650001300951650002000964700002800984700002801012AR-CdUCM190425b ||||| |||| 00| 0 spa d aMUNICIPALIDAD PROVINCIAL DEL CUSCOcBIBLIOTECA MUNICIPAL DEL CUSCO aXullaka/N°1/1956 aXullaka :bórgano bimestral de la Asociación Cultural Xullaka /cAsociación Cultural Xullaka, Enrique Miranda C. Director aJuliaca.aCusco.bH.G. Rozas,c1956. a24 páginas. :bilustraciones ;c28 cm. aXullaka.nAño I, N°1, 24 de octubre 1956. aContenido: Horizonte juliaqueño. -- Ricardo Palma. -- Acuarela. -- El Sur del Perú Comunista. -- Esperanza para un pueblo. -- Juliaca y la feria del 24 de setiembre. -- Lira Juliaca. -- El Inciensero .- La plaza de Santa Catalina y sus tradicionales domingos. -- El Toccoro. -- Matico de la vida costumbrista del altiplano. -- El problema del hambre en el país. -- El colegio Elena de Santa María. -- Colegio franciscano San Román de Juliaca. -- Frigidez intelectual. -- Juliaca síntesis monográfica. aHistoria Juliaca aFolklore aRevista Juliaca aBustamante Luza, Carlos aParada Manrique, José